|
|
|
|
| LEADER |
00884nam a2200229 a 4500 |
| 001 |
GR-MES8015 |
| 008 |
010711s1995 nyu 000 0 gre d |
| 020 |
|
|
|a 0471030287
|
| 040 |
|
|
|a GrPaTEI
|b gre
|c GR-PaULI
|
| 040 |
|
|
|a GrPaTEI
|b gre
|c GR-PaULI
|
| 245 |
0 |
0 |
|a Model business plans for product businesses /
|c William A.Coghen.
|
| 260 |
|
|
|a New York :
|b John Wiley & Sons,
|c 1995
|
| 300 |
|
|
|a 200 σελ. :
|b πίν.
|
| 500 |
|
|
|a Περιέχει ευρετήριο.
|
| 650 |
|
4 |
|a Επιχειρήσεις
|
| 650 |
|
4 |
|a Παραγωγή
|
| 650 |
|
4 |
|a Προγραμματισμός
|
| 700 |
1 |
|
|a COHEN, WILLIAM
|
| 942 |
|
|
|2 ddc
|
| 952 |
|
|
|0 0
|1 0
|2 ddc
|4 0
|6 338_700000000000000_COH
|7 0
|9 278390
|a MSLG
|b MSLG
|c BSC
|d 2021-01-17
|e 24
|f 0
|g 0.00
|l 0
|o 338.7 COH
|p 2420000016102
|r 2021-01-17 00:00:00
|t 1
|w 2021-01-17
|y BK15
|x 20010711 0 1
|x GrPaTEI
|
| 971 |
|
|
|a .b25864853
|b 15-04-20
|c 14-09-16
|
| 999 |
|
|
|c 161958
|d 161958
|